000 00799nam a22002417a 4500
999 _c13444
_d13444
003 AR-CdUCM
008 190415b ||||| |||| 00| 0 spa d
020 _a978-9972-59-541-7
040 _aMUNICIPALIDAD PROVINCIAL DEL CUSCO
_cBIBLIOTECA MUNICIPAL DEL CUSCO
082 _aEP / 808.06 /
_bUR77
100 _aUribe, Alejandro
_931796
245 _aEl rostro de los sueños /
260 _aLima :
_bCorporación gráfica Navarretee S.A.,
_c2013.
300 _a47 paginas ;
_c20 cm.
440 _aMisterios sin resolver.
_nExpediente n° 5.
_931867
505 _aContenido :El rostro de los sueños.
650 _aHistorias reales
_929099
650 _aEnigmas
_920383
650 _aCuentos
_9217
700 _aAyala, Gabriel y Mateo.
_931779
942 _2ddc
_cLIBROS
945 _arum
_d2019-04-15